| 000 | 01645nam a2200409 a 4500 | ||
|---|---|---|---|
| 001 | EBC677167 | ||
| 003 | MiAaPQ | ||
| 005 | 20250623124010.0 | ||
| 006 | m o d | | ||
| 007 | cr cnu|||||||| | ||
| 008 | 080729s2008 enkab ob 001 0 eng d | ||
| 020 |
_a9780857715852 _q(electronic bk.) |
||
| 020 |
_z9781845114640 _q(print) |
||
| 035 | _a(MiAaPQ)EBC677167 | ||
| 035 | _a(Au-PeEL)EBL677167 | ||
| 035 | _a(CaPaEBR)ebr10713154 | ||
| 035 | _a(CaONFJC)MIL264184 | ||
| 035 | _a(OCoLC)710976031 | ||
| 040 |
_aMiAaPQ _beng _erda _epn _cMiAaPQ _dMiAaPQ |
||
| 043 | _aa-is--- | ||
| 050 | 4 |
_aHD1698.P4 _bZ45 2008 |
|
| 082 | 0 |
_a333.910095694 _222 |
|
| 100 | 1 |
_aZeitoun, Mark. _920104 |
|
| 245 | 1 | 0 |
_aPower and water in the Middle East _h[electronic resource] : _bthe hidden politics of the Palestinian-Israeli water conflict / _cMark Zeitoun. |
| 260 |
_aLondon ; _aNew York : _bI.B. Tauris, _c2008. |
||
| 300 |
_axiv, 214 p. : _bill., maps. |
||
| 504 | _aIncludes bibliographical references (p. [191]-208) and index. | ||
| 590 | _aElectronic reproduction. Ann Arbor, MI : ProQuest, 2018. Available via World Wide Web. Access may be limited to ProQuest affiliated libraries. | ||
| 650 | 0 |
_aWater-supply _xPolitical aspects _zPalestine. |
|
| 650 | 0 |
_aWater-supply _xPolitical aspects _zIsrael. |
|
| 650 | 0 |
_aWater resources development _xPolitical aspects _zPalestine. |
|
| 650 | 0 |
_aWater resources development _xPolitical aspects _zIsrael. |
|
| 655 | 4 |
_aElectronic books. _92203 |
|
| 710 | 2 | _aProQuest (Firm) | |
| 797 | 2 | _aProQuest (Firm) | |
| 856 | 4 | 0 |
_uhttps://ebookcentral.proquest.com/lib/artjam/detail.action?docID=677167 _zClick to View |
| 999 |
_c9802 _d9802 |
||